000
00265nam a22001217a 4500
008
181106b xxu||||| |||| 00| 0 eng d
041
_a
eng
080
_a
710
100
_a
49
101
_a
ART
245
_a
Art In The Western World
_c
Robb.D.M
942
_2
udc
_c
BK
999
_c
52038
_d
52038